000 00784nas a2200241 4500
001 BR9206486
003 BR-BrBNA
005 20231205092927.0
007 ta
008 230509b bl.|||p| |||| 00| 00por d
040 _aBR-BrBNA
_bpor
_cBiblioteca Nacional de Agricultura
041 _a(Pt)
072 _aL50
100 1 _aMagalhaes, M.J.
100 1 _aSilva, M.
245 1 _aObservacoes histologicas e histoquimicas em glandulas palatinas de porco (Sus domesticus)
650 _aSUÍNO
650 _aHISTOLOGIA ANIMAL
650 _aHISTOQUIMICA
773 0 _tArquivos da Escola de Veterinaria da Universidade Federal de Minas Gerais (Brazil)
_xISSN 0365-8384
_g(Apr 1980), v. 32(1) p. 63-67
_wBR9206486
909 _a202311
_bLúcia
_c55
_dLúcia Elande
942 _2AGRIS
_n0
_cANA
999 _c135171
_d135171